[Event "eytcc"]
[Site "?"]
[Date "2017.08.19"]
[Round "3.14"]
[White "Kozak, Adam"]
[Black "Pechac, Jergus"]
[Result "1-0"]
[BlackElo "2441"]
[WhiteElo "2422"]
[LiveChessVersion "1.4.4"]

1. Nf3 {[%clk 1:30:54]} Nf6 {[%clk 1:30:32]} 2. c4 {[%clk 1:31:05]} g6
{[%clk 1:30:55]} 3. Nc3 {[%clk 1:31:22]} Bg7 {[%clk 1:31:19]} 4. e4
{[%clk 1:31:31]} d6 {[%clk 1:31:43]} 5. d4 {[%clk 1:31:54]} O-O {[%clk 1:32:09]}
6. Be2 {[%clk 1:32:06]} e5 {[%clk 1:32:33]} 7. O-O {[%clk 1:32:28]} Nc6
{[%clk 1:33:00]} 8. Be3 {[%clk 1:32:40]} exd4 {[%clk 1:26:32]} 9. Nxd4
{[%clk 1:33:02]} Re8 {[%clk 1:26:34]} 10. f3 {[%clk 1:32:54]} Nh5
{[%clk 1:24:02]} 11. Nxc6 {[%clk 1:28:25]} bxc6 {[%clk 1:24:26]} 12. Qd2
{[%clk 1:28:50]} Qh4 {[%clk 1:06:53]} 13. Bd3 {[%clk 1:16:48]} f5
{[%clk 0:28:19]} 14. Ne2 {[%clk 1:06:29]} f4 {[%clk 0:22:39]} 15. Nxf4
{[%clk 0:58:25]} Nxf4 {[%clk 0:19:07]} 16. Bxf4 {[%clk 0:58:30]} Bxb2
{[%clk 0:19:12]} 17. Bg5 {[%clk 0:50:57]} Bd4+ {[%clk 0:18:33]} 18. Kh1
{[%clk 0:49:50]} Qh5 {[%clk 0:19:02]} 19. Rab1 {[%clk 0:49:32]} Kg7
{[%clk 0:12:42]} 20. Bc2 {[%clk 0:46:25]} Bf6 {[%clk 0:01:53]} 21. Bxf6+
{[%clk 0:44:36]} Kxf6 {[%clk 0:02:19]} 22. Ba4 {[%clk 0:41:51]} Qc5
{[%clk 0:02:31]} 23. Qh6 {[%clk 0:41:08]} Be6 {[%clk 0:02:05]} 24. f4
{[%clk 0:35:24]} Bxc4 {[%clk 0:00:57]} 25. e5+ {[%clk 0:35:36]} Ke7
{[%clk 0:01:00]} 26. Qxh7+ {[%clk 0:26:05]} Kd8 {[%clk 0:01:27]} 27. exd6
{[%clk 0:25:27]} Qxd6 {[%clk 0:01:39]} 28. Rfd1 {[%clk 0:18:26]} Bd5
{[%clk 0:02:08]} 29. Bxc6 {[%clk 0:16:13]} Qxc6 {[%clk 0:01:53]} 30. Rbc1
{[%clk 0:16:22]} Re7 {[%clk 0:00:34]} 31. Qg8+ {[%clk 0:16:04]} Re8
{[%clk 0:00:59]} 32. Rxd5+ {[%clk 0:10:23]} Kc8 {[%clk 0:01:20]} 33. Rxc6
{[%clk 0:09:28]} Rxg8 {[%clk 0:01:48]} 34. h4 {[%clk 0:08:56]} Kb7
{[%clk 0:02:12]} 35. Rc2 {[%clk 0:08:22]} Rg7 {[%clk 0:01:03]} 36. Rb5+
{[%clk 0:08:18]} Ka6 {[%clk 0:01:20]} 37. a4 {[%clk 0:08:18]} c6 {[%clk 0:01:21]}
38. Rxc6# {[%clk 0:08:38]} 1-0

[Event "eytcc"]
[Site "?"]
[Date "2017.08.19"]
[Round "3.15"]
[White "Karas, Marek"]
[Black "Bohus, Adam"]
[Result "1/2-1/2"]
[BlackElo "2299"]
[WhiteElo "2256"]
[LiveChessVersion "1.4.4"]

1. Nf3 {[%clk 1:30:57]} d5 {[%clk 1:30:48]} 2. g3 {[%clk 1:31:22]} Nf6
{[%clk 1:29:32]} 3. Bg2 {[%clk 1:31:44]} c6 {[%clk 1:28:42]} 4. O-O
{[%clk 1:32:03]} Bf5 {[%clk 1:28:18]} 5. c4 {[%clk 1:32:19]} e6 {[%clk 1:27:25]}
6. Qb3 {[%clk 1:32:33]} Qb6 {[%clk 1:21:33]} 7. d3 {[%clk 1:32:54]} Na6
{[%clk 1:11:42]} 8. Be3 {[%clk 1:29:35]} Bc5 {[%clk 1:08:10]} 9. Bxc5
{[%clk 1:28:13]} Nxc5 {[%clk 1:04:12]} 10. Qc3 {[%clk 1:28:01]} O-O
{[%clk 0:57:00]} 11. b4 {[%clk 1:28:17]} Ncd7 {[%clk 0:45:53]} 12. Nbd2
{[%clk 1:28:34]} Rfe8 {[%clk 0:40:06]} 13. a3 {[%clk 1:25:02]} e5
{[%clk 0:37:38]} 14. cxd5 {[%clk 1:24:20]} cxd5 {[%clk 0:36:24]} 15. Rac1
{[%clk 1:13:11]} a5 {[%clk 0:24:03]} 16. e4 {[%clk 1:05:27]} axb4
{[%clk 0:21:08]} 17. axb4 {[%clk 1:05:37]} dxe4 {[%clk 0:17:27]} 18. Nh4
{[%clk 1:03:43]} Nd5 {[%clk 0:13:37]} 19. Qb2 {[%clk 1:00:49]} Be6
{[%clk 0:11:25]} 20. dxe4 {[%clk 0:58:13]} Qxb4 {[%clk 0:10:52]} 21. Rb1
{[%clk 0:56:35]} Qxb2 {[%clk 0:10:31]} 22. Rxb2 {[%clk 0:55:40]} N5b6
{[%clk 0:05:23]} 23. Ndf3 {[%clk 0:47:13]} f6 {[%clk 0:03:51]} 24. Rfb1
{[%clk 0:46:51]} Na4 {[%clk 0:02:44]} 25. Rxb7 {[%clk 0:46:03]} Nc3
{[%clk 0:03:07]} 26. Re1 {[%clk 0:45:09]} Nc5 {[%clk 0:03:00]} 27. Rc7
{[%clk 0:44:46]} Rac8 {[%clk 0:02:10]} 28. Rxc8 {[%clk 0:45:01]} Rxc8
{[%clk 0:02:37]} 29. Nd2 {[%clk 0:44:07]} Rd8 {[%clk 0:01:50]} 30. Nf1
{[%clk 0:44:14]} Nd3 {[%clk 0:01:15]} 31. Re3 {[%clk 0:43:53]} Bc4
{[%clk 0:00:42]} 32. Nd2 {[%clk 0:42:25]} Bb5 {[%clk 0:00:50]} 33. Ndf3
{[%clk 0:40:02]} Nd1 {[%clk 0:00:48]} 34. Re2 {[%clk 0:40:14]} Nc1
{[%clk 0:00:51]} 35. Rd2 {[%clk 0:36:39]} Ne2+ {[%clk 0:00:57]} 36. Kf1
{[%clk 0:36:03]} Nd4+ {[%clk 0:01:07]} 37. Ke1 {[%clk 0:35:05]} Nc3
{[%clk 0:01:05]} 38. Nxd4 exd4 {[%clk 0:01:34]} 39. Nf5 {[%clk 0:34:35]} d3
{[%clk 0:01:36]} 40. Ne7+ {[%clk 1:04:05]} Kf7 {[%clk 0:31:24]} 41. Nd5
{[%clk 1:03:29]} Nb1 {[%clk 0:23:23]} 42. Ra2 {[%clk 1:01:38]} d2+
{[%clk 0:07:06]} 43. Rxd2 {[%clk 0:59:56]} Nxd2 {[%clk 0:07:29]} 44. Kxd2
{[%clk 1:00:21]} Bc6 {[%clk 0:06:59]} 45. Ke3 {[%clk 1:00:41]} Bxd5
{[%clk 0:06:55]} 46. exd5 {[%clk 1:01:10]} Ke7 {[%clk 0:06:57]} 47. Be4
{[%clk 1:01:03]} g6 {[%clk 0:06:42]} 48. g4 {[%clk 0:59:51]} Kd6 {[%clk 0:05:01]}
49. h4 {[%clk 0:59:16]} Re8 {[%clk 0:04:00]} 50. Kd4 {[%clk 0:57:55]} Ra8
{[%clk 0:03:12]} 51. h5 {[%clk 0:57:45]} gxh5 {[%clk 0:02:57]} 52. gxh5
{[%clk 0:58:06]} h6 {[%clk 0:03:04]} 53. Ke3 {[%clk 0:57:54]} Ke5
{[%clk 0:02:39]} 54. f4+ {[%clk 0:57:57]} Kd6 {[%clk 0:03:04]} 55. Bg6
{[%clk 0:57:31]} Ra4 {[%clk 0:02:41]} 56. Bf7 {[%clk 0:57:33]} Kc5
{[%clk 0:01:17]} 57. Kf3 {[%clk 0:57:36]} Kd4 {[%clk 0:01:08]} 58. Kg4
{[%clk 0:55:58]} Ke4 {[%clk 0:01:14]} 59. Bg6+ {[%clk 0:56:08]} Kxd5
{[%clk 0:01:12]} 60. Kf5 {[%clk 0:56:28]} Kd6 {[%clk 0:00:34]} 61. Kxf6
{[%clk 0:56:44]} Rxf4+ {[%clk 0:00:49]} 62. Kg7 {[%clk 0:57:10]} Ke7
{[%clk 0:01:01]} 63. Kxh6 {[%clk 0:57:14]} Kf6 {[%clk 0:01:24]} 64. Kh7
{[%clk 0:56:37]} Rb4 {[%clk 0:01:27]} 65. Kg8 {[%clk 0:54:57]} Rb7
{[%clk 0:01:00]} 66. Kh8 {[%clk 0:54:41]} Rg7 {[%clk 0:00:47]} 67. Bh7
{[%clk 0:54:32]} Rd7 {[%clk 0:00:37]} 68. Bg6 {[%clk 0:54:27]} Kg5
{[%clk 0:00:37]} 69. Kg8 {[%clk 0:54:34]} Kh6 {[%clk 0:00:58]} 70. Kf8
{[%clk 0:54:51]} Ra7 {[%clk 0:00:46]} 1/2-1/2

[Event "eytcc"]
[Site "?"]
[Date "2017.08.19"]
[Round "3.16"]
[White "Marosi, Levente"]
[Black "Jablonicky, Martin"]
[Result "0-1"]
[BlackElo "2328"]
[WhiteElo "2310"]
[LiveChessVersion "1.4.4"]

1. e4 {[%clk 1:30:56]} Nf6 {[%clk 1:30:56]} 2. e5 {[%clk 1:31:10]} Nd5
{[%clk 1:31:23]} 3. d4 {[%clk 1:31:28]} d6 {[%clk 1:31:49]} 4. Nf3
{[%clk 1:31:41]} dxe5 {[%clk 1:32:15]} 5. Nxe5 {[%clk 1:31:52]} c6
{[%clk 1:32:08]} 6. Bd3 {[%clk 1:23:56]} Nd7 {[%clk 1:31:27]} 7. Nxd7
{[%clk 1:21:57]} Bxd7 {[%clk 1:31:50]} 8. O-O {[%clk 1:22:14]} g6
{[%clk 1:30:37]} 9. Re1 {[%clk 1:15:52]} Bg7 {[%clk 1:31:02]} 10. c3
{[%clk 1:15:41]} O-O {[%clk 1:31:23]} 11. Nd2 {[%clk 1:08:01]} Re8
{[%clk 1:31:41]} 12. Nc4 {[%clk 1:07:07]} Rc8 {[%clk 1:25:46]} 13. Qf3
{[%clk 1:01:15]} Be6 {[%clk 1:22:58]} 14. Ne5 {[%clk 0:41:23]} Qd6
{[%clk 1:18:30]} 15. Bd2 {[%clk 0:25:41]} c5 {[%clk 1:16:12]} 16. dxc5
{[%clk 0:21:13]} Rxc5 {[%clk 1:16:40]} 17. Nc4 {[%clk 0:20:13]} Qc7
{[%clk 1:15:30]} 18. Ne3 {[%clk 0:19:44]} Nf4 {[%clk 1:12:16]} 19. Be4
{[%clk 0:19:26]} Rd8 {[%clk 1:10:27]} 20. Nf1 {[%clk 0:18:53]} Be5
{[%clk 1:04:17]} 21. Rad1 {[%clk 0:16:02]} Nd5 {[%clk 0:55:42]} 22. Bc1
{[%clk 0:13:34]} b6 {[%clk 0:51:40]} 23. h3 {[%clk 0:09:46]} Nf6 {[%clk 0:49:47]}
24. Rxd8+ {[%clk 0:07:28]} Qxd8 {[%clk 0:50:15]} 25. Rd1 {[%clk 0:07:45]} Qc7
{[%clk 0:50:07]} 26. Bb1 {[%clk 0:07:37]} Rd5 {[%clk 0:44:45]} 27. Ne3
{[%clk 0:07:00]} Rxd1+ {[%clk 0:44:36]} 28. Qxd1 {[%clk 0:07:27]} b5
{[%clk 0:43:57]} 29. a4 {[%clk 0:06:20]} a6 {[%clk 0:43:12]} 30. axb5
{[%clk 0:06:45]} axb5 {[%clk 0:43:37]} 31. Bd3 {[%clk 0:06:03]} Qc5
{[%clk 0:43:17]} 32. Bd2 {[%clk 0:04:48]} Qc6 {[%clk 0:29:13]} 33. Qe2
{[%clk 0:04:28]} b4 {[%clk 0:27:22]} 34. cxb4 {[%clk 0:04:54]} Bxb2
{[%clk 0:27:47]} 35. b5 {[%clk 0:05:05]} Qc5 {[%clk 0:27:28]} 36. Bc4
{[%clk 0:03:05]} Bd7 {[%clk 0:24:35]} 37. Qd3 {[%clk 0:02:38]} Bd4
{[%clk 0:24:08]} 38. Bc3 {[%clk 0:02:07]} Bxc3 {[%clk 0:14:32]} 39. Qxc3
{[%clk 0:02:36]} Kg7 40. Qb3 {[%clk 0:31:37]} Qb6 {[%clk 0:44:21]} 41. Qb2
{[%clk 0:23:17]} Bc8 {[%clk 0:40:08]} 42. Qa3 {[%clk 0:17:13]} e6
{[%clk 0:39:50]} 43. Qc3 {[%clk 0:16:27]} Bb7 {[%clk 0:37:00]} 44. Qe5
{[%clk 0:09:15]} Qd8 {[%clk 0:33:54]} 45. Bf1 {[%clk 0:04:49]} h5
{[%clk 0:34:05]} 46. g3 {[%clk 0:04:45]} Kf8 {[%clk 0:33:09]} 47. Bg2
{[%clk 0:04:23]} Bxg2 {[%clk 0:31:24]} 48. Kxg2 {[%clk 0:04:49]} Ke7
{[%clk 0:31:32]} 49. Qg5 {[%clk 0:03:49]} Qd4 {[%clk 0:31:00]} 50. Kg1
{[%clk 0:01:58]} Kd7 {[%clk 0:21:53]} 51. b6 {[%clk 0:01:47]} Kc6
{[%clk 0:21:31]} 52. Qa5 {[%clk 0:00:58]} Nd5 {[%clk 0:21:25]} 53. Nxd5
{[%clk 0:00:44]} exd5 {[%clk 0:21:54]} 54. Qa7 {[%clk 0:00:59]} Qxb6
{[%clk 0:22:19]} 55. Qxf7 {[%clk 0:01:22]} Kc5 {[%clk 0:22:46]} 56. g4
{[%clk 0:01:20]} hxg4 {[%clk 0:23:07]} 57. hxg4 {[%clk 0:01:49]} d4
{[%clk 0:22:24]} 58. Kf1 {[%clk 0:00:48]} d3 {[%clk 0:19:45]} 59. Qe7+
{[%clk 0:00:46]} Kc4 {[%clk 0:19:35]} 60. Qe1 {[%clk 0:00:45]} Qb2
{[%clk 0:17:40]} 61. Qd1 {[%clk 0:00:37]} Kc3 {[%clk 0:12:09]} 62. Ke1
{[%clk 0:00:38]} d2+ {[%clk 0:11:45]} 63. Kf1 {[%clk 0:00:47]} Qc2
{[%clk 0:11:16]} 64. Qa1+ {[%clk 0:01:02]} Kb3 {[%clk 0:11:40]} 0-1

[Event "eytcc"]
[Site "?"]
[Date "2017.08.19"]
[Round "3.17"]
[White "Zajic, Milan"]
[Black "Rudecki, Bartosz"]
[Result "1-0"]
[BlackElo "1884"]
[WhiteElo "2499"]
[LiveChessVersion "1.4.4"]

1. e4 {[%clk 1:30:53]} e5 {[%clk 1:30:32]} 2. Nf3 {[%clk 1:31:13]} Nc6
{[%clk 1:30:50]} 3. Bb5 {[%clk 1:31:32]} a6 {[%clk 1:31:06]} 4. Ba4
{[%clk 1:31:49]} Nf6 {[%clk 1:31:25]} 5. d3 {[%clk 1:31:44]} Be7 {[%clk 1:30:30]}
6. Bxc6 {[%clk 1:31:18]} dxc6 {[%clk 1:24:16]} 7. Nxe5 {[%clk 1:31:35]} Bd6
{[%clk 1:17:30]} 8. Nc4 {[%clk 1:29:34]} Qe7 {[%clk 1:11:43]} 9. Nxd6+
{[%clk 1:24:47]} cxd6 {[%clk 1:11:37]} 10. O-O {[%clk 1:24:23]} Bg4
{[%clk 1:07:38]} 11. f3 {[%clk 1:22:36]} Be6 {[%clk 1:07:48]} 12. d4
{[%clk 1:22:07]} O-O-O {[%clk 1:03:56]} 13. Nc3 {[%clk 1:20:46]} Rdg8
{[%clk 0:52:09]} 14. d5 {[%clk 1:18:57]} Bd7 {[%clk 0:49:09]} 15. dxc6
{[%clk 1:12:29]} Bxc6 {[%clk 0:49:23]} 16. Bf4 {[%clk 1:10:57]} d5
{[%clk 0:48:12]} 17. Qd4 {[%clk 1:08:40]} Nh5 {[%clk 0:37:45]} 18. exd5
{[%clk 1:08:27]} Nxf4 {[%clk 0:38:03]} 19. Qxf4 {[%clk 1:08:29]} Qc5+
{[%clk 0:37:15]} 20. Kh1 {[%clk 1:08:51]} g5 {[%clk 0:37:13]} 21. Qxf7
{[%clk 1:04:04]} Rf8 {[%clk 0:37:23]} 22. Qe6+ {[%clk 1:03:54]} Bd7
{[%clk 0:37:43]} 23. Qe5 {[%clk 1:04:12]} Re8 {[%clk 0:37:07]} 24. Qg3
{[%clk 1:04:06]} h5 {[%clk 0:37:29]} 25. Ne4 {[%clk 1:03:31]} h4 {[%clk 0:34:13]}
26. Qxg5 {[%clk 1:00:47]} Rxe4 {[%clk 0:34:21]} 27. fxe4 {[%clk 1:01:02]} h3
{[%clk 0:34:27]} 28. Rf3 {[%clk 1:00:29]} hxg2+ {[%clk 0:34:03]} 29. Qxg2
{[%clk 1:00:43]} 1-0

[Event "eytcc"]
[Site "?"]
[Date "2017.08.19"]
[Round "3.18"]
[White "Swider, Pawel"]
[Black "Djordjevic, Vuk"]
[Result "0-1"]
[BlackElo "2337"]
[WhiteElo "1918"]
[LiveChessVersion "1.4.4"]

1. d4 {[%clk 1:30:52]} Nf6 {[%clk 1:30:45]} 2. Nf3 {[%clk 1:31:09]} e6
{[%clk 1:31:11]} 3. c4 {[%clk 1:31:29]} b6 {[%clk 1:31:33]} 4. e3
{[%clk 1:31:50]} Bb7 {[%clk 1:31:49]} 5. Be2 {[%clk 1:31:58]} Bb4+
{[%clk 1:27:04]} 6. Bd2 {[%clk 1:32:00]} Be7 {[%clk 1:26:49]} 7. Nc3
{[%clk 1:31:53]} d5 {[%clk 1:24:29]} 8. O-O {[%clk 1:31:33]} O-O {[%clk 1:24:45]}
9. Rc1 {[%clk 1:30:49]} Nbd7 {[%clk 1:20:20]} 10. Qc2 {[%clk 1:29:50]} dxc4
{[%clk 1:11:05]} 11. Bxc4 {[%clk 1:29:17]} Bxf3 {[%clk 1:10:37]} 12. gxf3
{[%clk 1:29:41]} c5 {[%clk 1:10:08]} 13. dxc5 {[%clk 1:19:36]} Bxc5
{[%clk 1:05:57]} 14. Be2 {[%clk 1:10:04]} Qe7 {[%clk 1:00:19]} 15. Rfd1
{[%clk 1:07:05]} h5 {[%clk 0:54:09]} 16. Qa4 {[%clk 1:00:31]} Rfd8
{[%clk 0:46:47]} 17. Nb5 {[%clk 0:48:36]} Nd5 {[%clk 0:41:14]} 18. Kh1
{[%clk 0:30:59]} N7f6 {[%clk 0:26:30]} 19. a3 {[%clk 0:27:53]} Qb7
{[%clk 0:23:46]} 20. Qh4 {[%clk 0:22:14]} Ne7 {[%clk 0:15:10]} 21. Bc3
{[%clk 0:16:57]} Nf5 {[%clk 0:12:35]} 22. Qg5 {[%clk 0:15:33]} Be7
{[%clk 0:11:52]} 23. Qg2 {[%clk 0:14:53]} Rxd1+ {[%clk 0:08:02]} 24. Rxd1
{[%clk 0:15:18]} Rd8 {[%clk 0:06:16]} 25. Rg1 {[%clk 0:14:39]} g6
{[%clk 0:04:51]} 26. Nd4 {[%clk 0:13:28]} Nxd4 {[%clk 0:03:35]} 27. Bxd4
{[%clk 0:13:53]} Rxd4 {[%clk 0:03:50]} 28. exd4 {[%clk 0:14:18]} Qd5
{[%clk 0:04:03]} 29. Rd1 {[%clk 0:03:52]} Bd6 {[%clk 0:04:32]} 30. Qh3
{[%clk 0:03:08]} Bf4 {[%clk 0:03:32]} 31. Kg1 {[%clk 0:02:22]} Qa2
{[%clk 0:02:33]} 32. Qf1 {[%clk 0:01:58]} Qxb2 {[%clk 0:02:24]} 33. a4
{[%clk 0:02:10]} Qb3 {[%clk 0:02:18]} 34. a5 {[%clk 0:01:37]} bxa5
{[%clk 0:02:34]} 35. Rb1 {[%clk 0:01:48]} Qc3 {[%clk 0:01:51]} 36. Rb5
{[%clk 0:01:44]} a4 {[%clk 0:01:53]} 37. Qb1 {[%clk 0:01:14]} a3 {[%clk 0:01:36]}
38. Rb3 {[%clk 0:00:46]} Qxd4 {[%clk 0:01:29]} 39. Rxa3 {[%clk 0:00:49]} Bxh2+
{[%clk 0:01:57]} 40. Kg2 {[%clk 0:31:12]} Bc7 {[%clk 0:31:50]} 41. Bd3
{[%clk 0:28:01]} Nd5 {[%clk 0:28:01]} 42. Kf1 {[%clk 0:25:14]} Bb6
{[%clk 0:27:27]} 43. Qc2 {[%clk 0:24:14]} Qh4 {[%clk 0:27:12]} 44. Ra4
{[%clk 0:23:00]} Qh3+ {[%clk 0:23:21]} 45. Ke2 {[%clk 0:22:04]} Qg2
{[%clk 0:23:20]} 46. Ke1 {[%clk 0:21:20]} Qg1+ {[%clk 0:23:10]} 47. Bf1
{[%clk 0:21:37]} Qg5 {[%clk 0:23:24]} 48. Rc4 {[%clk 0:20:19]} Ba5+
{[%clk 0:22:15]} 49. Kd1 {[%clk 0:19:43]} Qe5 {[%clk 0:21:21]} 50. Rc8+
{[%clk 0:15:14]} Kh7 {[%clk 0:20:45]} 51. Kc1 {[%clk 0:14:58]} Qa1+
{[%clk 0:21:07]} 52. Qb1 {[%clk 0:15:17]} Bd2+ {[%clk 0:21:27]} 53. Kc2
{[%clk 0:15:35]} Nb4+ {[%clk 0:21:49]} 0-1

[Event "eytcc"]
[Site "?"]
[Date "2017.08.19"]
[Round "3.19"]
[White "Radovanovic, Mihajlo"]
[Black "Gazda, Dominik"]
[Result "1-0"]
[BlackElo "1438"]
[WhiteElo "2357"]
[LiveChessVersion "1.4.4"]

1. d4 {[%clk 1:30:47]} d5 {[%clk 1:30:16]} 2. c4 {[%clk 1:31:07]} e6
{[%clk 1:30:04]} 3. Nf3 {[%clk 1:30:39]} Nf6 {[%clk 1:29:41]} 4. g3
{[%clk 1:31:03]} Be7 {[%clk 1:29:31]} 5. Bg2 {[%clk 1:31:22]} O-O
{[%clk 1:28:17]} 6. O-O {[%clk 1:31:46]} dxc4 {[%clk 1:26:46]} 7. Qc2
{[%clk 1:24:33]} a6 {[%clk 1:23:49]} 8. Qxc4 {[%clk 1:24:10]} b5 {[%clk 1:23:51]}
9. Qc2 {[%clk 1:24:35]} Bb7 {[%clk 1:23:30]} 10. Bd2 {[%clk 1:24:58]} Be4
{[%clk 1:20:59]} 11. Qc1 {[%clk 1:25:21]} Bb7 {[%clk 1:20:26]} 12. Rd1
{[%clk 1:23:44]} Nbd7 {[%clk 1:16:23]} 13. Ba5 {[%clk 1:21:19]} Nb6
{[%clk 1:13:33]} 14. Nbd2 {[%clk 1:08:27]} Rc8 {[%clk 1:07:19]} 15. Nb3
{[%clk 0:52:45]} Nc4 {[%clk 1:01:38]} 16. Bc3 {[%clk 0:41:07]} Ne4
{[%clk 0:46:00]} 17. Be1 {[%clk 0:36:34]} Ned6 {[%clk 0:27:21]} 18. Nc5
{[%clk 0:32:48]} Qe8 {[%clk 0:13:15]} 19. b3 {[%clk 0:26:46]} Nb6
{[%clk 0:13:21]} 20. Nxb7 {[%clk 0:23:48]} Nxb7 {[%clk 0:13:42]} 21. Ne5
{[%clk 0:24:01]} Nd8 {[%clk 0:11:17]} 22. Ba5 {[%clk 0:20:58]} f6
{[%clk 0:09:56]} 23. Bxb6 {[%clk 0:19:24]} fxe5 {[%clk 0:10:12]} 24. dxe5
{[%clk 0:19:00]} c5 {[%clk 0:08:49]} 25. Qd2 {[%clk 0:14:49]} Nc6
{[%clk 0:07:03]} 26. Rac1 {[%clk 0:13:21]} Qf7 {[%clk 0:05:43]} 27. f4
{[%clk 0:13:11]} Nd4 {[%clk 0:05:59]} 28. e3 {[%clk 0:13:02]} Nf5
{[%clk 0:06:01]} 29. Qf2 {[%clk 0:10:53]} h5 {[%clk 0:05:34]} 30. Rd7
{[%clk 0:09:36]} h4 {[%clk 0:03:09]} 31. g4 {[%clk 0:09:39]} Nh6 {[%clk 0:03:31]}
32. h3 {[%clk 0:09:47]} g5 {[%clk 0:03:36]} 33. f5 {[%clk 0:09:35]} Kh8
{[%clk 0:02:59]} 34. f6 {[%clk 0:09:43]} 1-0

[Event "eytcc"]
[Site "?"]
[Date "2017.08.19"]
[Round "3.20"]
[White "Winter, Anna"]
[Black "Ivic, Velimir"]
[Result "0-1"]
[BlackElo "2383"]
[WhiteElo "1561"]
[LiveChessVersion "1.4.4"]

1. d4 {[%clk 1:30:57]} Nf6 {[%clk 1:30:54]} 2. Bf4 {[%clk 1:31:17]} g6
{[%clk 1:31:16]} 3. e3 {[%clk 1:31:31]} Bg7 {[%clk 1:31:40]} 4. Nf3
{[%clk 1:31:11]} O-O {[%clk 1:32:04]} 5. Bd3 {[%clk 1:30:16]} d6 {[%clk 1:32:15]}
6. h3 {[%clk 1:29:58]} Nfd7 {[%clk 1:31:52]} 7. O-O {[%clk 1:22:46]} e5
{[%clk 1:31:56]} 8. Bh2 {[%clk 1:17:49]} Nc6 {[%clk 1:31:52]} 9. c3
{[%clk 1:15:45]} f5 {[%clk 1:30:43]} 10. Bc4+ {[%clk 1:09:23]} Kh8
{[%clk 1:30:09]} 11. Re1 {[%clk 1:07:31]} e4 {[%clk 1:28:34]} 12. Nfd2
{[%clk 1:06:34]} Nf6 {[%clk 1:27:41]} 13. Na3 {[%clk 1:02:27]} Ne7
{[%clk 1:24:08]} 14. Be2 {[%clk 0:57:42]} g5 {[%clk 1:19:46]} 15. Qc2
{[%clk 0:54:06]} Ng6 {[%clk 1:18:04]} 16. Rac1 {[%clk 0:46:18]} Qe7
{[%clk 0:59:58]} 17. Bf1 {[%clk 0:38:34]} Bd7 {[%clk 0:57:03]} 18. Nac4
{[%clk 0:31:52]} Rae8 {[%clk 0:55:54]} 19. b3 {[%clk 0:22:44]} Qd8
{[%clk 0:51:02]} 20. Na3 {[%clk 0:20:50]} f4 {[%clk 0:50:12]} 21. exf4
{[%clk 0:20:08]} gxf4 {[%clk 0:50:08]} 22. Rcd1 {[%clk 0:18:42]} d5
{[%clk 0:48:57]} 23. c4 {[%clk 0:17:14]} c6 {[%clk 0:48:22]} 24. Nab1
{[%clk 0:15:16]} Bf5 {[%clk 0:45:53]} 25. Qc1 {[%clk 0:15:05]} f3
{[%clk 0:38:52]} 26. gxf3 {[%clk 0:11:37]} Qd7 {[%clk 0:36:32]} 27. Nc3
{[%clk 0:10:01]} Bxh3 {[%clk 0:35:51]} 28. fxe4 {[%clk 0:08:47]} Bxf1
{[%clk 0:29:11]} 29. Nxf1 {[%clk 0:07:43]} Nh4 {[%clk 0:29:03]} 30. Qe3
{[%clk 0:05:47]} Ng4 {[%clk 0:28:46]} 31. Qg3 {[%clk 0:05:30]} Nf3+
{[%clk 0:28:59]} 32. Kh1 {[%clk 0:05:45]} Nxe1 {[%clk 0:28:42]} 33. Rxe1
{[%clk 0:06:06]} Nxf2+ {[%clk 0:29:02]} 34. Kg2 {[%clk 0:05:55]} Bxd4
{[%clk 0:29:06]} 0-1

[Event "eytcc"]
[Site "?"]
[Date "2017.08.19"]
[Round "3.21"]
[White "Janik, Igor"]
[Black "Haring, Viktor"]
[Result "1-0"]
[BlackElo "2317"]
[WhiteElo "2420"]
[LiveChessVersion "1.4.4"]

1. e4 {[%clk 1:30:58]} e5 {[%clk 1:30:49]} 2. Nf3 {[%clk 1:31:20]} Nc6
{[%clk 1:31:04]} 3. Bb5 {[%clk 1:31:42]} a6 {[%clk 1:31:18]} 4. Ba4
{[%clk 1:32:11]} Nf6 {[%clk 1:31:31]} 5. O-O {[%clk 1:32:32]} Be7
{[%clk 1:31:35]} 6. d3 {[%clk 1:31:05]} b5 {[%clk 1:29:07]} 7. Bb3
{[%clk 1:30:30]} d6 {[%clk 1:28:42]} 8. a4 {[%clk 1:29:55]} b4 {[%clk 1:26:14]}
9. c3 {[%clk 1:27:57]} O-O {[%clk 1:20:35]} 10. Nbd2 {[%clk 1:24:38]} bxc3
{[%clk 1:00:46]} 11. bxc3 {[%clk 1:25:06]} d5 {[%clk 1:01:04]} 12. Qc2
{[%clk 1:18:26]} Be6 {[%clk 0:55:30]} 13. exd5 {[%clk 1:14:06]} Nxd5
{[%clk 0:46:23]} 14. Nc4 {[%clk 1:09:14]} Rb8 {[%clk 0:28:52]} 15. Re1
{[%clk 1:02:54]} Nxc3 {[%clk 0:22:11]} 16. Qxc3 {[%clk 0:52:54]} Bb4
{[%clk 0:22:16]} 17. Qc2 {[%clk 0:53:06]} Bxe1 {[%clk 0:21:44]} 18. Bg5
{[%clk 0:53:05]} f6 {[%clk 0:16:36]} 19. Rxe1 {[%clk 0:51:45]} fxg5
{[%clk 0:16:48]} 20. Ncxe5 {[%clk 0:51:35]} Bxb3 {[%clk 0:16:48]} 21. Qxc6
{[%clk 0:51:56]} Bd5 {[%clk 0:13:56]} 22. Qxa6 {[%clk 0:51:46]} Rb6
{[%clk 0:12:20]} 23. Qa5 {[%clk 0:51:48]} g4 {[%clk 0:08:14]} 24. Nd2
{[%clk 0:48:45]} Re6 {[%clk 0:05:28]} 25. Nf1 {[%clk 0:45:28]} Qa8
{[%clk 0:01:04]} 26. Qxc7 {[%clk 0:43:42]} Bxg2 {[%clk 0:00:48]} 27. Ne3
{[%clk 0:44:10]} Bd5 {[%clk 0:00:36]} 28. Nd7 {[%clk 0:40:43]} Qd8
{[%clk 0:00:37]} 29. Rc1 {[%clk 0:39:42]} Rxe3 {[%clk 0:00:34]} 30. fxe3
{[%clk 0:39:49]} Qe7 {[%clk 0:00:31]} 31. e4 {[%clk 0:38:44]} Rd8
{[%clk 0:00:37]} 32. Qe5 {[%clk 0:36:10]} Qxd7 {[%clk 0:00:49]} 33. Rc7
{[%clk 0:36:27]} Re8 {[%clk 0:00:35]} 34. Rxd7 {[%clk 0:36:44]} Rxe5
{[%clk 0:00:59]} 35. Rxd5 {[%clk 0:37:06]} Re7 {[%clk 0:00:56]} 36. a5
{[%clk 0:36:56]} Ra7 {[%clk 0:00:36]} 37. Kf2 {[%clk 0:37:06]} Kf7
{[%clk 0:00:36]} 38. Kg3 {[%clk 0:37:30]} Ke6 {[%clk 0:00:33]} 39. Kxg4
{[%clk 0:37:51]} g6 {[%clk 0:00:34]} 40. Kf4 {[%clk 1:08:03]} 1-0

[Event "eytcc"]
[Site "?"]
[Date "2017.08.19"]
[Round "3.22"]
[White "Macko, Miroslav"]
[Black "Nowak, Kamil"]
[Result "1-0"]
[BlackElo "2318"]
[WhiteElo "2304"]
[LiveChessVersion "1.4.4"]

1. e4 {[%clk 1:30:58]} e5 {[%clk 1:30:54]} 2. Nf3 {[%clk 1:31:16]} Nc6
{[%clk 1:31:12]} 3. Bb5 {[%clk 1:31:10]} a6 {[%clk 1:31:05]} 4. Ba4
{[%clk 1:31:32]} Nf6 {[%clk 1:31:24]} 5. O-O {[%clk 1:31:50]} Be7
{[%clk 1:31:09]} 6. Re1 {[%clk 1:32:04]} b5 {[%clk 1:30:55]} 7. Bb3
{[%clk 1:32:28]} d6 {[%clk 1:31:15]} 8. c3 {[%clk 1:32:45]} O-O {[%clk 1:31:14]}
9. d3 {[%clk 1:32:49]} Na5 {[%clk 1:30:52]} 10. Bc2 {[%clk 1:33:10]} c5
{[%clk 1:30:43]} 11. Nbd2 {[%clk 1:33:31]} Nc6 {[%clk 1:30:23]} 12. Nf1
{[%clk 1:33:24]} Re8 {[%clk 1:28:59]} 13. Ng3 {[%clk 1:24:00]} h6
{[%clk 1:28:54]} 14. h3 {[%clk 1:08:55]} Be6 {[%clk 1:27:54]} 15. Nh2
{[%clk 1:06:23]} Qd7 {[%clk 1:16:21]} 16. Nh5 {[%clk 1:03:24]} Nxh5
{[%clk 1:13:46]} 17. Qxh5 {[%clk 1:03:44]} Bf8 {[%clk 1:13:02]} 18. Re3
{[%clk 0:58:12]} g6 {[%clk 1:04:47]} 19. Rg3 {[%clk 0:57:10]} Bg7
{[%clk 1:03:41]} 20. Qf3 {[%clk 0:55:04]} Kh7 {[%clk 0:51:12]} 21. Ng4
{[%clk 0:50:30]} Qe7 {[%clk 0:48:47]} 22. Ne3 {[%clk 0:38:50]} Rf8
{[%clk 0:47:52]} 23. Nf5 {[%clk 0:14:07]} gxf5 {[%clk 0:45:56]} 24. exf5
{[%clk 0:14:25]} Bd7 {[%clk 0:44:39]} 25. Qh5 {[%clk 0:13:48]} f6
{[%clk 0:32:49]} 26. Qg6+ {[%clk 0:06:37]} Kh8 {[%clk 0:32:49]} 27. Bb3
{[%clk 0:06:04]} Be8 {[%clk 0:27:45]} 28. Qg4 {[%clk 0:06:28]} Bd7
{[%clk 0:22:57]} 29. Bd5 {[%clk 0:04:46]} Rac8 {[%clk 0:22:28]} 30. a4
{[%clk 0:03:34]} b4 {[%clk 0:22:19]} 31. Qh5 {[%clk 0:03:27]} Be8
{[%clk 0:16:36]} 32. Rg6 {[%clk 0:03:38]} Rf7 {[%clk 0:11:12]} 33. Bxh6
{[%clk 0:02:45]} Bxh6 {[%clk 0:11:17]} 34. Bxf7 {[%clk 0:02:53]} Qxf7
{[%clk 0:11:05]} 35. Qxh6+ {[%clk 0:03:14]} 1-0